00816nam a2200229 i 4500001000300000245010300003246004900106260003600155300003500191500005600226504001200282521002100294650002600315655001800341700002500359020001500384040000800399041001300407080002700420008004100447856009800488bg00aZabezpieczenia systemu Microsoft Windows 2000 :bprzewodnik techniczny /c[przekł. Robert Heber]. iTyt. oryg.:aMicrosoft Windows 2000 security aWarszawa :bAPN Promise,c2001. aXVIII, 613 s. :bil. ;c24 cm. aTyt. oryg.: "Microsoft Windows 2000 security" 2000. aIndeks. aIT professional. 9aWindows 2000xochrona aPodręczniki1 aHEBER, Robert.eTł. a838844011X cBPK1 apolheng a004.451:004.056.5](07) s pl f |000 0 pol  uhttp://koha.tu.koszalin.pl/cgi-bin/koha/opac-detail.pl?biblionumber=43374yKatalog online BPK